Lendu
Buku ini merupakan diari seorang yang dipercayai mahasiswa di sebuah kampus tak lama dahulu. Kesahihan apa yang terdapat di dalamnya tidak dapat kami pastikan. Diari ini kami terbitkan seadanya (dengan beberapa lakaran tambahan) tanpa mengubah apa-apa dari segi ejaan atau tatabahasa. Identiti penuli...
Saved in:
| Main Author: | |
|---|---|
| Format: | Book |
| Language: | Malay |
| Published: |
Petaling Jaya, Selangor
Buku Fixi Sdn Bhd
2017
|
| Subjects: | |
| Tags: |
Add Tag
No Tags, Be the first to tag this record!
|
| Call Number : | PL 5139.B584 |
MARC
| LEADER | 00000nam a2200000 c 4500 | ||
|---|---|---|---|
| 001 | 92101 | ||
| 003 | MY-KLNDU | ||
| 005 | 20241220003429.0 | ||
| 008 | 221104s20172017my 000 1 may d | ||
| 020 | |a 9789670954752 | ||
| 039 | 9 | |a 202211041312 |b VLOAD |c 202208231036 |d rafizah |y 202206301154 |z dewi | |
| 040 | |a MY-KlNDU |b eng |c UPNM |e rda | ||
| 050 | |a PL 5139.B584 | ||
| 090 | |a PL 5139.B584 |b LEN 2017 | ||
| 100 | 0 | |a Blue |e author | |
| 245 | 1 | 0 | |a Lendu |c Blue |
| 264 | 1 | |a Petaling Jaya, Selangor |b Buku Fixi Sdn Bhd |c 2017 | |
| 300 | |a 194 pages |c 19 cm | ||
| 336 | |a text |2 rdacontent | ||
| 337 | |a unmediated |2 rdamedia | ||
| 338 | |a volume |2 rdacarrier | ||
| 520 | |a Buku ini merupakan diari seorang yang dipercayai mahasiswa di sebuah kampus tak lama dahulu. Kesahihan apa yang terdapat di dalamnya tidak dapat kami pastikan. Diari ini kami terbitkan seadanya (dengan beberapa lakaran tambahan) tanpa mengubah apa-apa dari segi ejaan atau tatabahasa. Identiti penulis tidak dikenali, tapi dia dipanggil Blue dalam diari ini. Dan kampusnya di LENDU dipercayai masih wujud. | ||
| 592 | |a 41610 |b 2/8/2022 |c RM 16.65 |h Bookline Services | ||
| 650 | 0 | |a Malay fiction | |
| 650 | 0 | |a Malaysian fiction (Malay) | |
| 999 | |a vtls000102985 |c 92101 |d 92101 | ||


